000 00494nam a2200169Ia 4500
008 190813s9999 xx 000 0 und d
100 _aHealy, Julia
245 _aMake a robot and learn about math/
245 _cJulia Healy
260 _bPublisher's Development Corporation
260 _c2018
300 _aPages 22-25, October 2018
440 _aArts and Activities: Paper, cardboard and collage
_v164: 2
650 _aArts
650 _aArts -- mathematics
650 _aArts -- robot
999 _c362031
_d362031